<?xml version="1.0" encoding="UTF-8"?>
<record
    xmlns:xsi="http://www.w3.org/2001/XMLSchema-instance"
    xsi:schemaLocation="http://www.loc.gov/MARC21/slim http://www.loc.gov/standards/marcxml/schema/MARC21slim.xsd"
    xmlns="http://www.loc.gov/MARC21/slim">

  <leader>00671nam a22001577a 4500</leader>
  <controlfield tag="003">OSt</controlfield>
  <controlfield tag="005">20151003152211.0</controlfield>
  <controlfield tag="008">151003b        xxu||||| |||| 00| 0 eng d</controlfield>
  <datafield tag="040" ind1=" " ind2=" ">
    <subfield code="c">RUA </subfield>
  </datafield>
  <datafield tag="082" ind1=" " ind2=" ">
    <subfield code="a">AVM PEA 1993 B073 Or.1 </subfield>
  </datafield>
  <datafield tag="100" ind1=" " ind2=" ">
    <subfield code="9">1918</subfield>
    <subfield code="a">PHENG BUNTHHA</subfield>
  </datafield>
  <datafield tag="245" ind1=" " ind2=" ">
    <subfield code="a">Balance of nitrogen in pigs feeding fibrous diets based full-fat rubber seeds, (&#x178F;&#x17BB;&#x179B;&#x17D2;&#x1799;&#x1797;&#x17B6;&#x1796;&#x17A2;&#x17B6;&#x179F;&#x17BC;&#x178F;&#x179B;&#x17BE;&#x1787;&#x17D2;&#x179A;&#x17BC;&#x1780;&#x178A;&#x17C4;&#x1799;&#x1795;&#x17D2;&#x178A;&#x179B;&#x17CB;&#x1785;&#x17C6;&#x178E;&#x17B8;&#x178A;&#x17C2;&#x179B;&#x1798;&#x17B6;&#x1793;&#x1787;&#x17B6;&#x178F;&#x17B7;&#x179F;&#x179A;&#x179F;&#x17C3;&#x1781;&#x17D2;&#x1796;&#x179F;&#x17CB;&#x178A;&#x17C4;&#x1799;&#x1794;&#x17D2;&#x179A;&#x17BE;&#x1794;&#x17D2;&#x179A;&#x17B6;&#x179F;&#x17CB;&#x1782;&#x17D2;&#x179A;&#x17B6;&#x1794;&#x17CB;&#x1780;&#x17C5;&#x179F;&#x17CA;&#x17BC;)</subfield>
  </datafield>
  <datafield tag="260" ind1=" " ind2=" ">
    <subfield code="a">phnom penh </subfield>
    <subfield code="b">RUA 1993</subfield>
  </datafield>
  <datafield tag="300" ind1=" " ind2=" ">
    <subfield code="a">xi, 65p.</subfield>
    <subfield code="b">ill</subfield>
    <subfield code="c">29cm.</subfield>
  </datafield>
  <datafield tag="942" ind1=" " ind2=" ">
    <subfield code="2">ddc</subfield>
    <subfield code="c">AVM</subfield>
  </datafield>
  <datafield tag="999" ind1=" " ind2=" ">
    <subfield code="c">1813</subfield>
    <subfield code="d">1813</subfield>
  </datafield>
  <datafield tag="952" ind1=" " ind2=" ">
    <subfield code="0">0</subfield>
    <subfield code="1">0</subfield>
    <subfield code="2">ddc</subfield>
    <subfield code="4">0</subfield>
    <subfield code="6">AVM_PEA_1993_000000000000000_B073_OR_1</subfield>
    <subfield code="7">0</subfield>
    <subfield code="9">7694</subfield>
    <subfield code="a">LBB</subfield>
    <subfield code="b">LBB</subfield>
    <subfield code="c">B073</subfield>
    <subfield code="d">2015-10-03</subfield>
    <subfield code="l">1</subfield>
    <subfield code="o">AVM PEA 1993 B073 Or.1</subfield>
    <subfield code="p">RUA020050</subfield>
    <subfield code="r">2019-01-08</subfield>
    <subfield code="s">2018-12-22</subfield>
    <subfield code="w">2015-10-03</subfield>
    <subfield code="y">AVM</subfield>
  </datafield>
  <datafield tag="952" ind1=" " ind2=" ">
    <subfield code="0">0</subfield>
    <subfield code="1">0</subfield>
    <subfield code="2">ddc</subfield>
    <subfield code="4">0</subfield>
    <subfield code="6">AVM_PEA_1993_000000000000000_B073_OR_2</subfield>
    <subfield code="7">0</subfield>
    <subfield code="9">7695</subfield>
    <subfield code="a">LBB</subfield>
    <subfield code="b">LBB</subfield>
    <subfield code="c">B073</subfield>
    <subfield code="d">2015-10-03</subfield>
    <subfield code="o">AVM PEA 1993 B073 Or.2</subfield>
    <subfield code="p">RUA009286</subfield>
    <subfield code="r">2015-10-03</subfield>
    <subfield code="w">2015-10-03</subfield>
    <subfield code="y">AVM</subfield>
  </datafield>
  <datafield tag="952" ind1=" " ind2=" ">
    <subfield code="0">0</subfield>
    <subfield code="1">0</subfield>
    <subfield code="2">ddc</subfield>
    <subfield code="4">0</subfield>
    <subfield code="6">AVM_PEA_1993_000000000000000_B073_OR_3</subfield>
    <subfield code="7">0</subfield>
    <subfield code="9">7696</subfield>
    <subfield code="a">LBB</subfield>
    <subfield code="b">LBB</subfield>
    <subfield code="c">B073</subfield>
    <subfield code="d">2015-10-03</subfield>
    <subfield code="l">1</subfield>
    <subfield code="m">1</subfield>
    <subfield code="o">AVM PEA 1993 B073 Or.3</subfield>
    <subfield code="p">RUA020051</subfield>
    <subfield code="r">2018-12-28</subfield>
    <subfield code="s">2018-11-12</subfield>
    <subfield code="w">2015-10-03</subfield>
    <subfield code="y">AVM</subfield>
  </datafield>
  <datafield tag="952" ind1=" " ind2=" ">
    <subfield code="0">0</subfield>
    <subfield code="1">0</subfield>
    <subfield code="2">ddc</subfield>
    <subfield code="4">0</subfield>
    <subfield code="6">AVM_PEA_1993_000000000000000_B073_OR_4</subfield>
    <subfield code="7">0</subfield>
    <subfield code="9">7697</subfield>
    <subfield code="a">LBB</subfield>
    <subfield code="b">LBB</subfield>
    <subfield code="c">B073</subfield>
    <subfield code="d">2015-10-03</subfield>
    <subfield code="o">AVM PEA 1993 B073 Or.4</subfield>
    <subfield code="p">RUA009284</subfield>
    <subfield code="r">2015-10-03</subfield>
    <subfield code="w">2015-10-03</subfield>
    <subfield code="y">AVM</subfield>
  </datafield>
  <datafield tag="952" ind1=" " ind2=" ">
    <subfield code="0">0</subfield>
    <subfield code="1">0</subfield>
    <subfield code="2">ddc</subfield>
    <subfield code="4">0</subfield>
    <subfield code="6">AVM_PEA_1993_000000000000000_B073_OR_5</subfield>
    <subfield code="7">0</subfield>
    <subfield code="9">7698</subfield>
    <subfield code="a">LBB</subfield>
    <subfield code="b">LBB</subfield>
    <subfield code="c">B073</subfield>
    <subfield code="d">2015-10-03</subfield>
    <subfield code="l">2</subfield>
    <subfield code="o">AVM PEA 1993 B073 Or.5</subfield>
    <subfield code="p">RUA015190</subfield>
    <subfield code="r">2018-12-11</subfield>
    <subfield code="s">2018-11-28</subfield>
    <subfield code="w">2015-10-03</subfield>
    <subfield code="y">AVM</subfield>
  </datafield>
  <datafield tag="952" ind1=" " ind2=" ">
    <subfield code="0">0</subfield>
    <subfield code="1">0</subfield>
    <subfield code="2">ddc</subfield>
    <subfield code="4">0</subfield>
    <subfield code="6">AVM_PEA_1993_000000000000000_B073_OR_6</subfield>
    <subfield code="7">0</subfield>
    <subfield code="9">7699</subfield>
    <subfield code="a">LBB</subfield>
    <subfield code="b">LBB</subfield>
    <subfield code="c">B073</subfield>
    <subfield code="d">2015-10-03</subfield>
    <subfield code="o">AVM PEA 1993 B073 Or.6</subfield>
    <subfield code="p">RUA016584</subfield>
    <subfield code="r">2015-10-03</subfield>
    <subfield code="w">2015-10-03</subfield>
    <subfield code="y">AVM</subfield>
  </datafield>
</record>
